000 00297nam a22001337a 4500
008 170925b xxu||||| |||| 00| 0 eng d
020 _a9781111840785
041 _aeng
080 _214TH
_a37
100 _a46
101 _aEDU
245 _aBECOMING A MASTER STUDENT
_cELLIS,D
942 _2udc
_cBK
999 _c29669
_d29669